00499 a2200181 450000100060000002000180000604000240002410000180004824000340006624500290010030000070012936200090013644000130014565000310015894200070018995201040019699900170030069864 a9788574727134 cAnchieta - Itaigara aLenzi, Cosell10aMuitas maneiras de viverlpor10aMuitas maneiras de viver a320 a2008 1aPositivo 4aLiteratura infanto-juvenil cBK 00104070a88.1b88.1d2023-11-21l0o028.5 LEN MUIp2670/ITAr2023-11-21 20:04:37w2023-11-21yBK c69864d69864